[Event "HUN-chT2 Szechenyi 1718"]
[Site "Hungary"]
[Date "2018.03.25"]
[Round "8.9"]
[White "Schleinig, Pal"]
[Black "Varga, Tibor2222"]
[Result "0-1"]
[WhiteElo "1863"]
[BlackElo "2018"]
[PlyCount "80"]
[EventDate "2017.10.29"]
[EventType "team-tourn"]
[EventRounds "9"]
[EventCountry "HUN"]
[SourceTitle "EXT 2021"]
[Source "ChessBase"]
[SourceDate "2020.10.23"]
[SourceVersion "1"]
[SourceVersionDate "2020.10.23"]
[SourceQuality "1"]
[WhiteTeam "Keszthely Spartacus"]
[BlackTeam "Haladas Szombathely III"]
[WhiteTeamCountry "HUN"]
[BlackTeamCountry "HUN"]

1. e4 e5 2. Nf3 d6 3. c3 Be7 4. Be2 Nf6 5. d3 c6 6. Bg5 Qb6 7. Qc2 Ng4 8. 0-0 f6 9. Bd2 f5 10. d4 fxe4 11. Qxe4 d5 12. Qc2 e4 13. Ng5 Qc7 14. Bxg4 Bxg4 15. f3 exf3 16. Nxf3 0-0 17. Be3 Bf5 18. Qe2 Bd6 19. Nbd2 Nd7 20. h3 Rae8 21. Rfe1 Bg3 22. Red1 Be4 23. Rf1 Bg6 24. Ng5 Rf6 25. Rxf6 Nxf6 26. Nf1 Bd6 27. Re1 h6 28. Nf3 Ne4 29. N3d2 Qf7 30. Qf3 Re6 31. Qxf7+ Kxf7 32. Nxe4 Bxe4 33. Nd2 Bd3 34. Kf2 Rg6 35. g4 Rf6+ 36. Kg2 g5 37. Bf2 Bf4 38. Nf3 Be4 39. Bg3 Bxg3 40. Kxg3 Rxf3+ 0-1

[Event "HUN-chT2 Szechenyi 1718"]
[Site "Hungary"]
[Date "2018.02.18"]
[Round "6.9"]
[White "Schleinig, Pal"]
[Black "Kiss, Balazs4444"]
[Result "0-1"]
[WhiteElo "1863"]
[BlackElo "1935"]
[PlyCount "78"]
[EventDate "2017.10.29"]
[EventType "team-tourn"]
[EventRounds "9"]
[EventCountry "HUN"]
[SourceTitle "EXT 2021"]
[Source "ChessBase"]
[SourceDate "2020.10.23"]
[SourceVersion "1"]
[SourceVersionDate "2020.10.23"]
[SourceQuality "1"]
[WhiteTeam "Keszthely Spartacus"]
[BlackTeam "Gyor Elektromos"]
[WhiteTeamCountry "HUN"]
[BlackTeamCountry "HUN"]

1. e4 e5 2. Nf3 Nf6 3. d3 Nc6 4. c3 d5 5. Qc2 h6 6. h3 Be6 7. Be2 Qd7 8. b4 a6 9. a3 Bd6 10. Nbd2 Ne7 11. c4 c6 12. Bb2 d4 13. Bxd4 exd4 14. e5 Ng6 15. exd6 Qxd6 16. Nb3 Nf4 17. g3 Nxe2 18. Qxe2 0-0 19. 0-0-0 a5 20. bxa5 Qxa3+ 21. Qb2 Qb4 22. Nfxd4 Nd7 23. Qd2 Qa3+ 24. Qb2 Qd6 25. f4 Nc5 26. Nxc5 Qxc5 27. Nb3 Qb4 28. Kc2 b5 29. axb6 Qxb6 30. Nd2 Qc7 31. Ra1 Rab8 32. Qc3 Rfd8 33. Rab1 Bf5 34. Rxb8 Qxb8 35. Ne4 Bxe4 36. dxe4 Qa7 37. Kc1 Qa2 38. Rd1 Rb8 39. Qc2 Qa3+ 0-1

[Event "HUN-chT2 Szechenyi 1718"]
[Site "Hungary"]
[Date "2018.01.28"]
[Round "5.9"]
[White "Bakos, Balazs1111"]
[Black "Schleinig, Pal"]
[Result "1/2-1/2"]
[WhiteElo "1795"]
[BlackElo "1863"]
[PlyCount "30"]
[EventDate "2017.10.29"]
[EventType "team-tourn"]
[EventRounds "9"]
[EventCountry "HUN"]
[SourceTitle "EXT 2021"]
[Source "ChessBase"]
[SourceDate "2020.10.23"]
[SourceVersion "1"]
[SourceVersionDate "2020.10.23"]
[SourceQuality "1"]
[WhiteTeam "Tapolca VSE II"]
[BlackTeam "Keszthely Spartacus"]
[WhiteTeamCountry "HUN"]
[BlackTeamCountry "HUN"]

1. e4 d6 2. d4 g6 3. Bd3 Bg7 4. c3 Nf6 5. Nf3 0-0 6. 0-0 Bg4 7. h3 Bxf3 8. Qxf3 c6 9. a4 a5 10. Bg5 Nbd7 11. Bxf6 Nxf6 12. Na3 e5 13. dxe5 dxe5 14. Rfd1 Qc7 15. Nc4 Rfd8 1/2-1/2

[Event "HUN-chT2 Szechenyi 1516"]
[Site "Hungary"]
[Date "2016.02.14"]
[Round "7.10"]
[White "Wegner, Bela"]
[Black "Schleinig, Pal"]
[Result "1/2-1/2"]
[WhiteElo "1847"]
[BlackElo "1862"]
[PlyCount "29"]
[EventDate "2015.09.13"]
[EventType "team-tourn"]
[EventRounds "11"]
[EventCountry "HUN"]
[SourceTitle "EXT 2017"]
[Source "ChessBase"]
[SourceDate "2016.10.25"]
[SourceVersion "1"]
[SourceVersionDate "2016.10.25"]
[SourceQuality "1"]
[WhiteTeam "Zala Volan"]
[BlackTeam "Keszthely Spartacus"]
[WhiteTeamCountry "HUN"]
[BlackTeamCountry "HUN"]

1. e4 d6 2. Nf3 g6 3. d4 Bg7 4. Be3 Nf6 5. Nc3 Bg4 6. Be2 0-0 7. 0-0 c6 8. h3 Bxf3 9. Bxf3 e5 10. Qd2 Qc7 11. Rad1 Nbd7 12. Rfe1 Nb6 13. b3 Rad8 14. g4 Rfe8 15. dxe5 1/2-1/2

[Event "HUN-chT2 Szechenyi 1314"]
[Site "Hungary"]
[Date "2013.11.17"]
[Round "5.7"]
[White "Mihalyfi, Gabor"]
[Black "Schleinig, Pal"]
[Result "1/2-1/2"]
[WhiteElo "2014"]
[BlackElo "1954"]
[PlyCount "43"]
[EventDate "2013.09.08"]
[EventType "team-tourn"]
[EventRounds "11"]
[EventCountry "HUN"]
[SourceTitle "EXT 2016"]
[Source "ChessBase"]
[SourceDate "2015.10.08"]
[SourceVersion "1"]
[SourceVersionDate "2015.10.08"]
[SourceQuality "1"]
[WhiteTeam "Ajka Banyasz"]
[BlackTeam "Keszthely Spartacus"]
[WhiteTeamCountry "HUN"]
[BlackTeamCountry "HUN"]

1. d4 Nf6 2. Nf3 g6 3. c4 Bg7 4. Nc3 d6 5. e4 0-0 6. h3 b6 7. Be3 Bb7 8. Qc2 e5 9. d5 Nbd7 10. Be2 Nh5 11. g4 Nf4 12. Bxf4 exf4 13. Kd1 Ne5 14. Nxe5 Bxe5 15. h4 a6 16. g5 Bc8 17. f3 Bd7 18. Qd2 b5 19. b3 b4 20. Nb1 a5 21. Rg1 h5 22. gxh6 1/2-1/2

[Event "HUN-chT2 Szechenyi 1213"]
[Site "Hungary"]
[Date "2013.04.21"]
[Round "11.7"]
[White "Schleinig, Pal"]
[Black "Kiss, Balint"]
[Result "1/2-1/2"]
[WhiteElo "1965"]
[BlackElo "1862"]
[PlyCount "78"]
[EventDate "2012.09.16"]
[EventType "team-tourn"]
[EventRounds "11"]
[EventCountry "HUN"]
[SourceTitle "EXT 2014"]
[Source "ChessBase"]
[SourceDate "2013.11.20"]
[SourceVersion "1"]
[SourceVersionDate "2013.11.20"]
[SourceQuality "1"]
[WhiteTeam "Keszthely"]
[BlackTeam "Arboretum"]
[WhiteTeamCountry "HUN"]
[BlackTeamCountry "HUN"]

1. e4 e5 2. Nf3 Nc6 3. d3 Nf6 4. c3 d5 5. Qc2 Be7 6. Be2 0-0 7. Bg5 Re8 8. h3 h6 9. Bh4 Nh5 10. Bxe7 Rxe7 11. g3 g6 12. Nbd2 Kh7 13. Nh4 Ng7 14. 0-0-0 b5 15. exd5 Qxd5 16. Bf3 Qe6 17. Qb3 Rb8 18. Qxe6 Rxe6 19. Bd5 b4 20. Bxe6 Nxe6 21. Nhf3 Ba6 22. Nb3 Rd8 23. Kc2 Bb7 24. Rhe1 bxc3 25. bxc3 Nb4+ 26. cxb4 Bxf3 27. Rd2 Rd5 28. Kc3 c5 29. a3 cxb4+ 30. axb4 Nc7 31. Ra1 Nb5+ 32. Kc2 Rd6 33. Ra5 Rb6 34. Nc5 Nd4+ 35. Kc3 Nb5+ 36. Kc4 Nd6+ 37. Kc3 Nb5+ 38. Kc4 Nd6+ 39. Kc3 Nb5+ 1/2-1/2

[Event "HUN-chT2 Szechenyi 1112"]
[Site "Hungary"]
[Date "2012.05.20"]
[Round "11.10"]
[White "Doma, Erno"]
[Black "Schleinig, Pal"]
[Result "1/2-1/2"]
[WhiteElo "1531"]
[BlackElo "1996"]
[PlyCount "64"]
[EventDate "2011.09.25"]
[EventType "team-tourn"]
[EventRounds "11"]
[EventCountry "HUN"]
[SourceTitle "EXT 2013"]
[Source "ChessBase"]
[SourceDate "2012.11.22"]
[SourceVersion "1"]
[SourceVersionDate "2012.11.22"]
[SourceQuality "1"]
[WhiteTeam "Sarvar"]
[BlackTeam "Keszthely"]
[WhiteTeamCountry "HUN"]
[BlackTeamCountry "HUN"]

1. e4 g6 2. d4 Bg7 3. Nf3 d6 4. h3 Nf6 5. Bd3 0-0 6. 0-0 Nbd7 7. Bf4 Nh5 8. Bh2 Re8 9. c3 e5 10. dxe5 Nxe5 11. Nxe5 dxe5 12. Be2 Nf4 13. Bxf4 exf4 14. Qxd8 Rxd8 15. Rd1 Rxd1+ 16. Bxd1 Be6 17. Kf1 Rd8 18. Be2 c6 19. f3 b5 20. Ke1 a5 21. Nd2 b4 22. Rc1 c5 23. a3 Kf8 24. Nc4 bxc3 25. bxc3 Bxc4 26. Bxc4 Ke7 27. Ke2 Rb8 28. Kd2 Be5 29. Kc2 f6 30. a4 h6 31. Rd1 Rb6 32. Bb5 Rd6 1/2-1/2

[Event "HUN-chT2 Szechenyi 1011"]
[Site "Hungary"]
[Date "2010.11.07"]
[Round "5.6"]
[White "Hadrik, Csaba"]
[Black "Schleinig, Pal"]
[Result "1/2-1/2"]
[WhiteElo "1976"]
[BlackElo "1993"]
[PlyCount "66"]
[EventDate "2010.09.12"]
[EventType "team-tourn"]
[EventRounds "11"]
[EventCountry "HUN"]
[SourceTitle "EXT 2012"]
[Source "ChessBase"]
[SourceDate "2011.11.24"]
[SourceVersion "1"]
[SourceVersionDate "2011.11.24"]
[SourceQuality "1"]
[WhiteTeam "Lovo"]
[BlackTeam "Spartacus"]
[WhiteTeamCountry "HUN"]
[BlackTeamCountry "HUN"]

1. c4 Nf6 2. d4 g6 3. Nc3 Bg7 4. e4 d6 5. Nf3 0-0 6. Be2 Bg4 7. 0-0 Bxf3 8. Bxf3 e5 9. d5 Nbd7 10. Bg5 a6 11. Rc1 h6 12. Bh4 a5 13. h3 Nc5 14. Bxf6 Qxf6 15. Qd2 b6 16. Bg4 h5 17. Be2 Kh7 18. Rcd1 Bh6 19. Qc2 Qf4 20. g3 Qf6 21. Bd3 Nxd3 22. Qxd3 Qg5 23. h4 Qg4 24. Qe2 Qxe2 25. Nxe2 Kg7 26. Kg2 f5 27. Nc3 Rf7 28. f3 fxe4 29. fxe4 Rxf1 30. Rxf1 Bd2 31. Nb5 Rc8 32. Na7 Ra8 33. Nb5 Rc8 1/2-1/2

[Event "HUN-chT2 Szechenyi 0910"]
[Site "Hungary"]
[Date "2010.02.28"]
[Round "7.8"]
[White "Babos, Zsolt"]
[Black "Schleinig, Pal"]
[Result "1/2-1/2"]
[WhiteElo "1951"]
[BlackElo "2018"]
[PlyCount "50"]
[EventDate "2009.11.08"]
[EventType "team-tourn"]
[EventRounds "11"]
[EventCountry "HUN"]
[SourceTitle "EXT 2011"]
[Source "ChessBase"]
[SourceDate "2010.11.26"]
[SourceVersion "1"]
[SourceVersionDate "2010.11.26"]
[SourceQuality "1"]
[WhiteTeam "HVSE Infraplan"]
[BlackTeam "Keszthely"]
[WhiteTeamCountry "HUN"]
[BlackTeamCountry "HUN"]

1. d4 Nf6 2. c4 g6 3. Nc3 Bg7 4. e4 d6 5. Nge2 0-0 6. Ng3 e5 7. d5 a5 8. Be2 Na6 9. h4 h6 10. Be3 Kh7 11. Nf1 b6 12. g4 Nc5 13. Ng3 Ng8 14. g5 f6 15. gxh6 Bxh6 16. h5 g5 17. Bg4 Ne7 18. Qf3 Bxg4 19. Qxg4 Qd7 20. Qxd7 Nxd7 21. Nb5 Rac8 22. Na7 Ra8 23. Nb5 Rac8 24. Na7 Ra8 25. Nb5 Rac8 1/2-1/2

[Event "HUN-chT2 Szechenyi 0910"]
[Site "Hungary"]
[Date "2010.02.14"]
[Round "6.7"]
[White "Hadrik, Csaba"]
[Black "Schleinig, Pal"]
[Result "1/2-1/2"]
[WhiteElo "1994"]
[BlackElo "2018"]
[PlyCount "91"]
[EventDate "2009.11.08"]
[EventType "team-tourn"]
[EventRounds "11"]
[EventCountry "HUN"]
[SourceTitle "EXT 2011"]
[Source "ChessBase"]
[SourceDate "2010.11.26"]
[SourceVersion "1"]
[SourceVersionDate "2010.11.26"]
[SourceQuality "1"]
[WhiteTeam "Lovo"]
[BlackTeam "Keszthely"]
[WhiteTeamCountry "HUN"]
[BlackTeamCountry "HUN"]

1. c4 Nf6 2. Nc3 g6 3. d4 Bg7 4. Nf3 d6 5. g3 0-0 6. Bg2 c6 7. 0-0 Bg4 8. h3 Bxf3 9. Bxf3 Nbd7 10. e4 Qc7 11. Bg2 e5 12. d5 cxd5 13. cxd5 a6 14. Be3 Rac8 15. Rc1 Qa5 16. Qb3 b5 17. Rfe1 Rc7 18. a3 Nb6 19. Bxb6 Qxb6 20. a4 Rfc8 21. axb5 axb5 22. Ra1 b4 23. Ra4 Rb8 24. Na2 Rcb7 25. Rc1 Qd4 26. Rc4 Qd2 27. Raxb4 Qe1+ 28. Kh2 Rxb4 29. Rxb4 Rxb4 30. Qxb4 Qxf2 31. Qxd6 Nxe4 32. Qb8+ Bf8 33. Qxe5 Bd6 34. Qe8+ Kg7 35. Qxe4 Bxg3+ 36. Kh1 Qxb2 37. Qc4 Qf2 38. Qc3+ Kg8 39. Qf3 Qe1+ 40. Qf1 Qe3 41. Nc1 Bd6 42. Ne2 Qe5 43. Kg1 Bc5+ 44. Kh1 Bd6 45. Kg1 Bc5+ 46. Kh1 1/2-1/2